[Event "Toronto Hart House op"]
[Site "Toronto"]
[Date "2025.02.15"]
[Round "1"]
[White "Wu, Nathan Ping Ying"]
[Black "Thavandiran, Shiyam"]
[Result "1/2-1/2"]
[WhiteElo "2088"]
[BlackElo "2410"]
[PlyCount "98"]
[EventDate "2025.02.15"]
[EventType "swiss"]
[EventRounds "6"]
[EventCountry "CAN"]
[SourceTitle "CB09_2025"]
[SourceDate "2025.02.27"]
[SourceVersion "1"]
[SourceVersionDate "2025.02.27"]
[SourceQuality "1"]

1. d4 Nf6 2. Bf4 d5 3. e3 e6 4. Nd2 c5 5. c3 Nc6 6. Ngf3 Nh5 7. Bg5 f6 8. Bh4 g6 9. Be2 Ng7 10. 0-0 cxd4 11. exd4 Nf5 12. Bg3 Bh6 13. Bd3 Nxg3 14. hxg3 0-0 15. Re1 Bd7 16. Nb3 b6 17. a4 Qc7 18. Bb5 Rab8 19. Qd3 Rfe8 20. Re2 Kh8 21. Rae1 Qd6 22. Nbd2 Re7 23. b3 Rbe8 24. c4 Nb4 25. Qc3 a5 26. c5 Qc7 27. Bxd7 Qxd7 28. cxb6 Rc8 29. Nc4 Rc6 30. Qb2 Nd3 31. b7 Qxb7 32. Nxa5 Qd7 33. Qa3 Ra6 34. Rd1 Nc1 35. Rxc1 Bxc1 36. Qxc1 Rxa5 37. Rc2 Ra8 38. Rc5 Kg8 39. Qc3 Rae8 40. Rc6 Kg7 41. b4 Qa7 42. a5 Rb8 43. Rc5 Qa6 44. Ne1 Qe2 45. Nd3 Qd1+ 46. Kh2 Qh5+ 47. Kg1 Qd1+ 48. Kh2 Qh5+ 49. Kg1 Qd1+ 1/2-1/2

[Event "Wch Blitz"]
[Site "New York"]
[Date "2024.12.30"]
[Round "4"]
[White "Kevlishvili, Robby"]
[Black "Thavandiran, Shiyam"]
[Result "1-0"]
[WhiteElo "2556"]
[BlackElo "2410"]
[PlyCount "37"]
[EventDate "2024.12.30"]
[EventType "swiss (blitz)"]
[EventRounds "13"]
[EventCountry "USA"]
[SourceTitle "CB01_2025"]
[SourceDate "2025.01.01"]
[SourceVersion "1"]
[SourceVersionDate "2025.01.01"]
[SourceQuality "1"]

1. e4 e6 2. d4 d5 3. Nd2 c5 4. Ngf3 cxd4 5. Nxd4 Nf6 6. exd5 a6 7. Be2 Qxd5 8. N2f3 Nbd7 9. 0-0 b6 10. Bf4 Bb7 11. c4 Qc5 12. Rc1 Be7 13. a3 e5 14. b4 Qc7 15. Bg3 Ne4 16. Nf5 Nxg3 17. hxg3 e4 18. Re1 Qe5 19. Nxe5 1-0

[Event "Wch Blitz"]
[Site "New York"]
[Date "2024.12.30"]
[Round "8"]
[White "Muradli, Mahammad"]
[Black "Thavandiran, Shiyam"]
[Result "0-1"]
[WhiteElo "2588"]
[BlackElo "2410"]
[PlyCount "114"]
[EventDate "2024.12.30"]
[EventType "swiss (blitz)"]
[EventRounds "13"]
[EventCountry "USA"]
[SourceTitle "CB01_2025"]
[SourceDate "2025.01.01"]
[SourceVersion "1"]
[SourceVersionDate "2025.01.01"]
[SourceQuality "1"]

1. Nf3 Nf6 2. c4 g6 3. Nc3 Bg7 4. e4 d6 5. d4 0-0 6. Be2 e5 7. Be3 Ng4 8. Bg5 f6 9. Bh4 Nc6 10. d5 Ne7 11. 0-0 a5 12. Ne1 h5 13. Nd3 g5 14. Bg3 f5 15. h3 Nf6 16. exf5 Bxf5 17. Rc1 Qe8 18. c5 Rd8 19. cxd6 cxd6 20. Ne1 h4 21. Bh2 Qg6 22. f3 Nh5 23. Nd3 Nf4 24. Nf2 Rf7 25. Re1 Rdf8 26. Bf1 Bd7 27. Nfe4 Nf5 28. Qd2 Nd4 29. Bxf4 gxf4 30. Kh1 Bh6 31. Bd3 Rg7 32. Rg1 Bf5 33. Ne2 Nxe2 34. Qxe2 Kh8 35. Nf2 Bxd3 36. Qxd3 Qxd3 37. Nxd3 e4 38. fxe4 f3 39. Rcd1 Be3 40. e5 Bxg1 41. Rxg1 dxe5 42. Nxe5 fxg2+ 43. Rxg2 Rf1+ 44. Kh2 Rxg2+ 45. Kxg2 Rd1 46. d6 Kg7 47. Nc4 a4 48. Kf3 Kf6 49. Ke2 Rh1 50. Nd2 Rh2+ 51. Ke1 Ke6 52. Nf3 Rxb2 53. Nxh4 Rxa2 54. Nf5 Ra3 55. Nd4+ Kd7 56. h4 Rh3 57. Nf5 a3 0-1

[Event "Wch Blitz"]
[Site "New York"]
[Date "2024.12.30"]
[Round "5"]
[White "Thavandiran, Shiyam"]
[Black "Dlugy, Maxim"]
[Result "0-1"]
[WhiteElo "2410"]
[BlackElo "2514"]
[PlyCount "118"]
[EventDate "2024.12.30"]
[EventType "swiss (blitz)"]
[EventRounds "13"]
[EventCountry "USA"]
[SourceTitle "CB01_2025"]
[SourceDate "2025.01.01"]
[SourceVersion "1"]
[SourceVersionDate "2025.01.01"]
[SourceQuality "1"]

1. e4 d5 2. exd5 Qxd5 3. Nc3 Qd6 4. d4 c6 5. Nf3 Bg4 6. Bc4 Nf6 7. Be3 e6 8. h3 Bh5 9. g4 Bg6 10. Ne5 Nbd7 11. Nxg6 hxg6 12. Qe2 Be7 13. Bb3 a5 14. a4 Qc7 15. 0-0-0 Nd5 16. Nxd5 cxd5 17. g5 Rh4 18. Kb1 Nb6 19. Qb5+ Qc6 20. Qxc6+ bxc6 21. c3 Kd7 22. Kc2 Rah8 23. Kd3 Rxh3 24. Rxh3 Rxh3 25. Rg1 Nc8 26. Bd1 Nd6 27. Bg4 Rh2 28. b4 Nc4 29. bxa5 Nxa5 30. Rb1 Bd8 31. Rb8 Rg2 32. Bf3 Rg1 33. Ra8 Nc4 34. Ra7+ Ke8 35. Be2 Ra1 36. Bf4 Rxa4 37. Rxa4 Nb2+ 38. Kc2 Nxa4 39. Be3 Nb6 40. Kb3 Be7 41. Bf4 Kd7 42. Bd3 Bd6 43. Bc1 c5 44. Bb5+ Ke7 45. Be3 c4+ 46. Kc2 f6 47. Kd1 Nd7 48. Ba4 Nf8 49. Bc2 Kf7 50. Ke2 Nh7 51. gxf6 gxf6 52. Kf3 Ba3 53. Ke2 Nf8 54. f4 Nd7 55. Ba4 Nb6 56. Bc6 Nc8 57. Kf3 Nd6 58. Bd2 Ne4 59. Be1 Bb2 0-1

[Event "Wch Blitz"]
[Site "New York"]
[Date "2024.12.30"]
[Round "3"]
[White "Thavandiran, Shiyam"]
[Black "Erenburg, Sergey"]
[Result "1-0"]
[WhiteElo "2410"]
[BlackElo "2510"]
[PlyCount "113"]
[EventDate "2024.12.30"]
[EventType "swiss (blitz)"]
[EventRounds "13"]
[EventCountry "USA"]
[SourceTitle "CB01_2025"]
[SourceDate "2025.01.01"]
[SourceVersion "1"]
[SourceVersionDate "2025.01.01"]
[SourceQuality "1"]

1. e4 c6 2. Nf3 d5 3. d3 Qc7 4. Nc3 Nf6 5. e5 Ng8 6. d4 Bg4 7. h3 Bxf3 8. Qxf3 e6 9. Bd3 c5 10. Nb5 Qd7 11. dxc5 Bxc5 12. Qg3 Ne7 13. Qxg7 Rg8 14. Qxh7 Nbc6 15. Bf4 Rxg2 16. Nd6+ Bxd6 17. exd6 Ng8 18. Kf1 0-0-0 19. Kxg2 Nf6 20. Qh4 Ne4 21. Bxe4 dxe4 22. Rad1 e5 23. Bg3 f5 24. Rhe1 Rg8 25. Kh2 f4 26. Rxe4 fxg3+ 27. fxg3 Qf5 28. d7+ Kc7 29. Re2 Qf3 30. Rdd2 a6 31. Rf2 Qe3 32. Rde2 Qc5 33. Qh7 Rd8 34. Rd2 Nd4 35. Qe4 Nc6 36. c3 Qe7 37. Qg6 Qc5 38. Qe4 Qe7 39. b4 Rg8 40. Rg2 Rh8 41. Qg4 Rd8 42. a4 e4 43. Rge2 e3 44. Rd3 Ne5 45. Qf4 Rf8 46. d8Q+ Rxd8 47. Rxd8 Kxd8 48. Qxe3 Nc6 49. Qxe7+ Nxe7 50. c4 Nf5 51. b5 a5 52. c5 Kd7 53. h4 Nh6 54. Kh3 Nf5 55. h5 Nh6 56. g4 Nf7 57. Kh4 1-0

[Event "Wch Rapid"]
[Site "New York"]
[Date "2024.12.28"]
[Round "13"]
[White "Thavandiran, Shiyam"]
[Black "Batsuren, Dambasuren"]
[Result "1-0"]
[WhiteElo "2405"]
[BlackElo "2435"]
[PlyCount "145"]
[EventDate "2024.12.26"]
[EventType "swiss (rapid)"]
[EventRounds "13"]
[EventCountry "USA"]
[SourceTitle "CB01_2025"]
[SourceDate "2025.01.01"]
[SourceVersion "1"]
[SourceVersionDate "2025.01.01"]
[SourceQuality "1"]

1. e4 c6 2. Nf3 d5 3. d3 dxe4 4. dxe4 Qxd1+ 5. Kxd1 Nf6 6. Nbd2 g6 7. Ne1 Bh6 8. f3 Be6 9. Nb3 Bxc1 10. Kxc1 Bxb3 11. axb3 Nbd7 12. Nd3 Kd8 13. b4 Kc7 14. Kd2 e5 15. Ke3 Ne8 16. Be2 Nd6 17. Nc5 Nxc5 18. bxc5 Ne8 19. Bc4 Rf8 20. b4 Nf6 21. h4 a5 22. bxa5 Nd7 23. h5 g5 24. a6 Nxc5 25. axb7 Rxa1 26. Rxa1 Nxb7 27. h6 Nd6 28. Bb3 Kb6 29. Rd1 Kc7 30. Rh1 Rg8 31. Kf2 Rg6 32. c3 Kd7 33. Ra1 Rxh6 34. Ra7+ Ke8 35. Ba4 Nb5 36. Ra5 Nxc3 37. Rxe5+ Kf8 38. Bb3 Rg6 39. Rc5 Nb5 40. Ba4 Nd4 41. Ke3 Nb5 42. Bxb5 cxb5 43. Rxb5 h6 44. g3 Ra6 45. Rb3 Kg7 46. f4 gxf4+ 47. gxf4 h5 48. f5 Ra1 49. Kf4 Rf1+ 50. Ke5 Rg1 51. Rh3 Rg5 52. Rh2 f6+ 53. Ke6 Rg4 54. e5 fxe5 55. f6+ Kh6 56. f7 Rf4 57. Ke7 Kg5 58. Rg2+ Kh4 59. Rg6 Rxf7+ 60. Kxf7 e4 61. Kg7 e3 62. Kh6 e2 63. Re6 Kg4 64. Rxe2 h4 65. Re4+ Kg3 66. Kg5 h3 67. Re3+ Kg2 68. Kg4 h2 69. Re2+ Kg1 70. Kg3 h1N+ 71. Kf3 Kf1 72. Ra2 Kg1 73. Rb2 1-0

[Event "Wch Rapid"]
[Site "New York"]
[Date "2024.12.26"]
[Round "3"]
[White "Le, Quang Liem"]
[Black "Thavandiran, Shiyam"]
[Result "1-0"]
[WhiteElo "2657"]
[BlackElo "2405"]
[PlyCount "53"]
[EventDate "2024.12.26"]
[EventType "swiss (rapid)"]
[EventRounds "13"]
[EventCountry "USA"]
[SourceTitle "CB01_2025"]
[SourceDate "2025.01.01"]
[SourceVersion "1"]
[SourceVersionDate "2025.01.01"]
[SourceQuality "1"]

1. d4 Nf6 2. Nf3 e6 3. c4 a6 4. Nc3 d5 5. cxd5 exd5 6. Bg5 Be6 7. Qb3 Nbd7 8. e3 Rb8 9. Qc2 h6 10. Bh4 g5 11. Bg3 Nh5 12. Bd3 Nxg3 13. hxg3 Bg7 14. 0-0-0 c5 15. Bf5 0-0 16. g4 Rc8 17. Kb1 Re8 18. dxc5 Rxc5 19. Nd4 Ne5 20. Qb3 Nc4 21. Qxb7 Re7 22. Qb4 Rcc7 23. b3 Rb7 24. Nxe6 fxe6 25. Qxc4 Qa5 26. Nxd5 exd5 27. Rxd5 1-0

[Event "Olympiad-45"]
[Site "Budapest"]
[Date "2024.09.15"]
[Round "5.6"]
[White "Daneshvar, Bardiya"]
[Black "Thavandiran, Shiyam"]
[Result "1-0"]
[WhiteElo "2598"]
[BlackElo "2388"]
[PlyCount "111"]
[EventDate "2024.09.11"]
[EventType "team-swiss"]
[EventRounds "11"]
[EventCountry "HUN"]
[SourceTitle "EXT 2025"]
[Source "ChessBase"]
[SourceDate "2024.10.14"]
[SourceVersion "1"]
[SourceVersionDate "2024.10.14"]
[SourceQuality "1"]
[WhiteTeam "Iran"]
[BlackTeam "Canada"]
[WhiteTeamCountry "IRI"]
[BlackTeamCountry "CAN"]

1. g3 e5 2. c4 Nf6 3. Bg2 h6 4. Nf3 e4 5. Nd4 Nc6 6. Nc2 d5 7. cxd5 Qxd5 8. Nc3 Qe5 9. 0-0 Bf5 10. Ne3 Bg6 11. Qa4 0-0-0 12. d3 Bc5 13. dxe4 Rhe8 14. Nf5 Nxe4 15. Bxe4 Bxf5 16. Bxc6 bxc6 17. Qxc6 g5 18. Qa8+ Kd7 19. Qf3 Kc8 20. Be3 Bxe3 21. fxe3 Be4 22. Nxe4 Qxe4 23. Qxe4 Rxe4 24. Rxf7 Rc4 25. Kf2 Rd2 26. b3 Rcc2 27. Re1 Rxa2 28. Kf3 Kb8 29. e4 Rab2 30. e5 Rxb3+ 31. Ke4 Rb6 32. e3 Rb4+ 33. Kf5 Rb5 34. Re7 a5 35. Rc1 Re2 36. e4 a4 37. Rexc7 Rf2+ 38. Ke6 a3 39. Rc8+ Kb7 40. R1c7+ Kb6 41. Rb8+ Kxc7 42. Rxb5 a2 43. Ra5 Rxh2 44. Ra7+ Kb6 45. Ra8 h5 46. Kf5 Kb7 47. Ra4 h4 48. e6 hxg3 49. e7 Rh8 50. Rxa2 Kc7 51. Kf6 Rh6+ 52. Kg7 Re6 53. Kf7 Rxe4 54. e8Q Rxe8 55. Kxe8 Kd6 56. Ra5 1-0

[Event "Biel HTO 57th"]
[Site "Biel"]
[Date "2024.07.19"]
[Round "5"]
[White "Thavandiran, Shiyam"]
[Black "Ansat, Aldiyar"]
[Result "0-1"]
[WhiteElo "2387"]
[BlackElo "2458"]
[PlyCount "46"]
[EventDate "2024.07.15"]
[EventType "swiss"]
[EventRounds "10"]
[EventCountry "SUI"]
[SourceTitle "CBM 221"]
[Source "ChessBase"]
[SourceDate "2024.08.31"]
[SourceVersion "1"]
[SourceVersionDate "2024.08.31"]
[SourceQuality "1"]

1. e4 c5 2. Nf3 d6 3. d4 cxd4 4. Nxd4 Nf6 5. Nc3 Nc6 6. Bg5 e6 7. Bb5 Bd7 8. Qd3 Qb6 9. Bxc6 bxc6 10. 0-0 Be7 11. e5 dxe5 12. Nf3 Bc8 13. Bxf6 gxf6 14. Rfd1 0-0 15. Qe4 Qxb2 16. Qe3 Qxc2 17. Ne4 Kh8 18. Rac1 Qa4 19. Nd4 exd4 20. Rxd4 Qb5 21. Nc5 Bxc5 22. Qh6 Be7 23. h4 Rg8 0-1

[Event "Biel HTO 57th"]
[Site "Biel"]
[Date "2024.07.15"]
[Round "1"]
[White "Thavandiran, Shiyam"]
[Black "Fronda Pascua, Jan Jodilyn"]
[Result "1-0"]
[WhiteElo "2387"]
[BlackElo "2072"]
[PlyCount "115"]
[EventDate "2024.07.15"]
[EventType "swiss"]
[EventRounds "10"]
[EventCountry "SUI"]
[SourceTitle "CBM 221"]
[Source "ChessBase"]
[SourceDate "2024.08.31"]
[SourceVersion "1"]
[SourceVersionDate "2024.08.31"]
[SourceQuality "1"]

1. e4 c5 2. Nf3 d6 3. d4 cxd4 4. Nxd4 Nf6 5. f3 a6 6. c4 g6 7. Nc3 Bg7 8. Be3 Nc6 9. Qd2 Bd7 10. Be2 Rc8 11. 0-0 0-0 12. Rfd1 Nxd4 13. Bxd4 Bc6 14. b4 Bd7 15. Rac1 Be6 16. Na4 Nd7 17. Be3 Qc7 18. Nc3 Qb8 19. Nd5 Bxd5 20. Qxd5 Rfd8 21. Kh1 Qc7 22. Qd2 b6 23. f4 a5 24. a3 axb4 25. axb4 Ra8 26. Bf3 Ra3 27. c5 bxc5 28. bxc5 Nf8 29. Bg1 Qb8 30. c6 Rc8 31. Rb1 Rb3 32. Qc2 Rb2 33. Rxb2 Qxb2 34. Qxb2 Bxb2 35. Rb1 Bf6 36. Rb5 e5 37. fxe5 Bxe5 38. Rb6 Ne6 39. Bg4 Rc7 40. Rb8+ Kg7 41. Bxe6 Rxc6 42. Bd5 Rc1 43. Rb4 h5 44. Rc4 Rb1 45. g3 h4 46. gxh4 f5 47. Rc7+ Kh6 48. Kg2 Rb2+ 49. Kh3 f4 50. Bg8 g5 51. Rh7+ Kg6 52. h5+ Kf6 53. Rf7+ Ke6 54. Rg7+ Kf6 55. Rf7+ Ke6 56. Rc7+ Kf6 57. Bd5 g4+ 58. Kh4 1-0

[Event "Titled Tuesday intern op 02nd Jul Late"]
[Site "Chess.com INT"]
[Date "2024.07.02"]
[Round "1"]
[White "Hoffmann, Asa"]
[Black "Thavandiran, Shiyam"]
[Result "0-1"]
[WhiteElo "2185"]
[BlackElo "2387"]
[PlyCount "60"]
[EventDate "2024.07.02"]
[EventType "swiss (blitz)"]
[EventRounds "11"]
[EventCountry "USA"]
[SourceTitle "EXT 2025"]
[Source "ChessBase"]
[SourceDate "2024.10.14"]
[SourceVersion "1"]
[SourceVersionDate "2024.10.14"]
[SourceQuality "1"]

1. d4 Nf6 2. Bg5 b6 3. f3 h6 4. Bh4 e6 5. e4 Be7 6. e5 Nd5 7. Bf2 Bb7 8. c4 Nf4 9. g3 Ng6 10. Bg2 d6 11. exd6 Qxd6 12. Nc3 0-0 13. Nge2 Nc6 14. h4 Rfd8 15. h5 Nf8 16. a3 Nh7 17. f4 Nf6 18. Qd3 Nb4 19. axb4 Bxg2 20. Rh2 Qc6 21. b5 Qb7 22. d5 exd5 23. 0-0-0 dxc4 24. Qxc4 Rxd1+ 25. Nxd1 Bd5 26. Qd4 Bc5 27. Qd2 Ne4 28. Qe1 a6 29. Bxc5 Nxc5 30. Nec3 Nd3+ 0-1

[Event "Titled Tuesday intern op 02nd Jul Late"]
[Site "Chess.com INT"]
[Date "2024.07.02"]
[Round "11"]
[White "Thavandiran, Shiyam"]
[Black "Drozdowski, Kacper"]
[Result "0-1"]
[WhiteElo "2387"]
[BlackElo "2448"]
[PlyCount "130"]
[EventDate "2024.07.02"]
[EventType "swiss (blitz)"]
[EventRounds "11"]
[EventCountry "USA"]
[SourceTitle "EXT 2025"]
[Source "ChessBase"]
[SourceDate "2024.10.14"]
[SourceVersion "1"]
[SourceVersionDate "2024.10.14"]
[SourceQuality "1"]

1. e4 e5 2. Nf3 Nc6 3. Nc3 Nf6 4. Bb5 Bb4 5. 0-0 0-0 6. d3 Bxc3 7. bxc3 d6 8. Re1 Qe7 9. d4 Bg4 10. d5 Nb8 11. Bg5 h6 12. Bh4 g5 13. Bg3 Nbd7 14. Bxd7 Nxd7 15. Qd3 Nc5 16. Qe3 f5 17. exf5 Rxf5 18. Nd4 Rf7 19. Nb3 Nd7 20. c4 b6 21. Nd2 Bf5 22. f4 gxf4 23. Bxf4 Rh7 24. Bxh6 Qh4 25. Qg5+ Qxg5 26. Bxg5 Bxc2 27. Re3 Rf8 28. Rf1 Rxf1+ 29. Nxf1 Rg7 30. h4 Nc5 31. Ng3 Bd3 32. Nh5 Rf7 33. Nf6+ Kg7 34. Rg3 Rxf6 35. Bxf6+ Kxf6 36. h5 Bxc4 37. h6 Bd3 38. Rg7 Ne4 39. Rxc7 Ng5 40. Rxa7 Nf7 41. Rb7 b5 42. Rb6 Kg6 43. Kf2 Kxh6 44. Ke3 Bc4 45. a3 Kg6 46. Rc6 Bxd5 47. Rc7 Kf5 48. g3 Ng5 49. Rd7 Ke6 50. Rg7 Ne4 51. g4 Nf6 52. g5 Ng4+ 53. Kd2 Bc4 54. Rc7 Kf5 55. a4 e4 56. a5 e3+ 57. Ke1 Ne5 58. a6 Nf3+ 59. Kd1 e2+ 60. Kc2 e1Q 61. a7 Qd2+ 62. Kb1 Qd1+ 63. Kb2 Qb3+ 64. Kc1 Qc3+ 65. Kb1 Nd2# 0-1

[Event "Titled Tuesday intern op 02nd Jul Late"]
[Site "Chess.com INT"]
[Date "2024.07.02"]
[Round "2"]
[White "Thavandiran, Shiyam"]
[Black "Evdokimov, Alexey2"]
[Result "1-0"]
[WhiteElo "2387"]
[BlackElo "2227"]
[PlyCount "131"]
[EventDate "2024.07.02"]
[EventType "swiss (blitz)"]
[EventRounds "11"]
[EventCountry "USA"]
[SourceTitle "EXT 2025"]
[Source "ChessBase"]
[SourceDate "2024.10.14"]
[SourceVersion "1"]
[SourceVersionDate "2024.10.14"]
[SourceQuality "1"]

1. e4 e6 2. d4 d5 3. exd5 exd5 4. Nf3 Nc6 5. Nc3 Nf6 6. Bb5 Be7 7. 0-0 0-0 8. h3 Bf5 9. Re1 Nb4 10. Ba4 c6 11. a3 Na6 12. Ne2 Nc7 13. Ng3 Bg6 14. Ne5 Re8 15. c3 Bd6 16. Bg5 h6 17. Bd2 Bxe5 18. dxe5 Ne4 19. Nxe4 Bxe4 20. Bf4 Ne6 21. Bg3 Nc5 22. Bc2 Qg5 23. Kh2 Qf5 24. Rc1 Bxc2 25. Qxc2 Qxc2 26. Rxc2 Ne4 27. Rce2 Re7 28. f3 Nxg3 29. Kxg3 Rae8 30. Kf2 g5 31. h4 Kg7 32. g3 Kg6 33. g4 gxh4 34. f4 f5 35. Kf3 fxg4+ 36. Kxg4 h5+ 37. Kf3 c5 38. Rg1+ Kf7 39. Rg5 d4 40. cxd4 cxd4 41. Rxh5 Rc8 42. f5 Ke8 43. f6 Rf7 44. Rh8+ Rf8 45. Rxf8+ Kxf8 46. Ke4 h3 47. Rh2 Rc1 48. Rxh3 Re1+ 49. Kxd4 Kf7 50. Rh7+ Ke6 51. Re7+ Kf5 52. f7 Rd1+ 53. Kc3 Rd8 54. Re8 Rxe8 55. fxe8Q Ke4 56. Qd7 b5 57. Qb7+ Kxe5 58. Qxb5+ Kd6 59. Qb7 Kc5 60. Qxa7+ Kc6 61. Qa6+ Kc7 62. Kc4 Kb8 63. Kc5 Kc7 64. Qa7+ Kc8 65. Kd6 Kd8 66. Qb8# 1-0

[Event "Titled Tuesday intern op 26th Mar Late"]
[Site "Chess.com INT"]
[Date "2024.03.26"]
[Round "1"]
[White "Schuster, Karsten"]
[Black "Thavandiran, Shiyam"]
[Result "0-1"]
[WhiteElo "2290"]
[BlackElo "2347"]
[PlyCount "110"]
[EventDate "2024.03.26"]
[EventType "swiss (blitz)"]
[EventRounds "11"]
[EventCountry "USA"]
[SourceTitle "EXT 2025"]
[Source "ChessBase"]
[SourceDate "2024.10.14"]
[SourceVersion "1"]
[SourceVersionDate "2024.10.14"]
[SourceQuality "1"]

1. Nf3 Nf6 2. d4 d6 3. g3 b5 4. Bg2 Bb7 5. 0-0 g6 6. a4 b4 7. c3 Na6 8. Bg5 Bg7 9. e3 0-0 10. Nbd2 h6 11. Bxf6 Bxf6 12. Qc2 c5 13. Rfd1 bxc3 14. bxc3 cxd4 15. cxd4 Nb4 16. Qb1 Rb8 17. Ne1 Ba6 18. Ne4 Bg7 19. Qc1 Qa5 20. Qd2 Rfc8 21. Bf1 Bxf1 22. Kxf1 Qd5 23. f3 Qc4+ 24. Kg2 f5 25. Nf2 Qa6 26. Nfd3 Nd5 27. Rdc1 Kh7 28. a5 Rxc1 29. Qxc1 Rc8 30. Qd2 Qb5 31. Rc1 Rxc1 32. Nxc1 e5 33. dxe5 dxe5 34. e4 fxe4 35. fxe4 Nf6 36. Qd3 Qxa5 37. Nf3 Ng4 38. h3 Nf6 39. Nb3 Qa2+ 40. Nbd2 Qe6 41. g4 a5 42. Qb5 Qa2 43. Qxe5 Nxg4 44. Qc5 Ne5 45. Qd5 Nxf3 46. Kxf3 Qxd5 47. exd5 Bf8 48. Nc4 a4 49. d6 a3 50. Nxa3 Bxd6 51. Nc4 Be7 52. Ke4 Kg7 53. Ke5 Bf6+ 54. Ke6 Bc3 55. Ne3 h5 0-1

[Event "Titled Tuesday intern op 26th Mar Late"]
[Site "Chess.com INT"]
[Date "2024.03.26"]
[Round "9"]
[White "Thavandiran, Shiyam"]
[Black "Kurchenko, Egor"]
[Result "1-0"]
[WhiteElo "2347"]
[BlackElo "2308"]
[PlyCount "47"]
[EventDate "2024.03.26"]
[EventType "swiss (blitz)"]
[EventRounds "11"]
[EventCountry "USA"]
[SourceTitle "EXT 2025"]
[Source "ChessBase"]
[SourceDate "2024.10.14"]
[SourceVersion "1"]
[SourceVersionDate "2024.10.14"]
[SourceQuality "1"]

1. c4 e6 2. Nf3 d5 3. d4 Nf6 4. Nc3 c6 5. e3 Nbd7 6. Qc2 b6 7. Bd3 Bb7 8. 0-0 Rc8 9. e4 dxe4 10. Nxe4 Nxe4 11. Bxe4 Nf6 12. Bg5 Be7 13. Bxf6 Bxf6 14. Rad1 Ba6 15. Bxc6+ Rxc6 16. Qa4 Bb7 17. d5 exd5 18. cxd5 b5 19. Qxb5 Qb6 20. Qe2+ Kf8 21. dxc6 Qxc6 22. Rc1 Qb6 23. Ne5 Qb5 24. Qxb5 1-0